MacGyver Concoctions - Real or Fake? Quiz Stats

Quiz not verified by Sporcle

Challenge
Share
Tweet
Score 0/15 Timer 03:00
0 Plays Today
% Correct
Real
85.5%
Real
85.5%
Real
84.4%
Real
80.9%
Real
79.8%
Real
75.1%
Real
70.5%
Fake
70.5%
% Correct
Real
67.6%
Fake
65.9%
Real
61.3%
Fake
59.5%
Real
52%
Fake
48%
Fake
33.5%

You're not logged in!

Compare scores with friends on all Sporcle quizzes.
Sign Up with Email
OR
Log In

You Might Also Like...

Show Comments

Extras

Top Quizzes Today


Score Distribution

Your Account Isn't Verified!

In order to create a playlist on Sporcle, you need to verify the email address you used during registration. Go to your Sporcle Settings to finish the process.

Report this User

Report this user for behavior that violates our Community Guidelines.

Details: